Od identifikovania bariér poznatkovej ekonomiky v regiónoch k ich prekonaniu
Nízka inovačná schopnosť slovenských podnikov sa môže stať veľkou prekážkou konkurenčnej schopnosti v spoločnom trhu EÚ, kde schopnosť flexibilne sa prispôsobovať meniacim sa potrebám zákazníkov je jedným z najdôležitejších faktorov v konkurenčnom boji. Firmy pôsobia v prostredí, ktoré nie je naklon...
Salvato in:
| Autore principale: | |
|---|---|
| Altri autori: | |
| Natura: | Capitolo di libro |
| Lingua: | slovacco |
| Soggetti: | |
| Tags: |
Nessun Tag, puoi essere il primo ad aggiungerne!!
|
MARC
| LEADER | 00000naa$a2200000$$$4500 | ||
|---|---|---|---|
| 001 | 0053994 | ||
| 005 | 20240502071627.0 | ||
| 041 | 0 | |a slo | |
| 044 | |a SK | ||
| 245 | 1 | 0 | |a Od identifikovania bariér poznatkovej ekonomiky v regiónoch k ich prekonaniu |c Štefan Rehák, Rudolf Pástor |
| 520 | |a Nízka inovačná schopnosť slovenských podnikov sa môže stať veľkou prekážkou konkurenčnej schopnosti v spoločnom trhu EÚ, kde schopnosť flexibilne sa prispôsobovať meniacim sa potrebám zákazníkov je jedným z najdôležitejších faktorov v konkurenčnom boji. Firmy pôsobia v prostredí, ktoré nie je naklonené a motivujúce pre ich inovačné aktivity (nedostatok finančných prostriedkov v sektore výskumu a technologického rozvoja, nedostatočné využívanie IKT, neznalosť e-obchodovania, roztrieštený inovačný systém). Regionálne dimenzie bariér poznatkovej ekonomiky, analýza bariér a návrhy opatrení na ich odstránenie. | ||
| 610 | 2 | 0 | |a regióny |
| 610 | 2 | 0 | |a firmy |
| 610 | 2 | 0 | |a inovácia |
| 610 | 2 | 0 | |a bariéry konkurenčné |
| 610 | 2 | 0 | |a ekonomika vedomostná |
| 610 | 2 | 0 | |a technológie informačné |
| 610 | 2 | 0 | |a technológie komunikačné |
| 610 | 2 | 0 | |a obchod elektronický |
| 100 | 1 | |a Rehák, Štefan, 1974- | |
| 700 | 1 | |a Pástor, Rudolf | |